000 01061cam a2200301 a 4500
001 3543760
005 20230727154126.0
008 970627s1998 nyu 001 0 eng
010 _a 97028036
020 _a157322653X
040 _aDLC
_cDLC
_dDLC
050 0 0 _aBQ 5612 .B74 1998
082 0 0 _a294.3/4435
_221
245 0 0 _aBreath sweeps mind :
_ba first guide to meditation practice /
_cedited by Jean Smith.
250 _a1st Riverhead trade pbk. ed.
260 _aNew York :
_bRiverhead Books,
_c1998.
300 _axiv, 289 p. ;
_c20 cm.
500 _aRev. ed. of: Meditation practice.
500 _a"A tricycle book."
500 _aIncludes index.
650 0 _aMeditation
_xBuddhism.
700 1 _aSmith, Jean,
_d1938-
730 0 _aMeditation practice.
906 _a7
_bcbc
_corignew
_d1
_eocip
_f19
_gy-gencatlg
942 _2lcc
_cBOOKS
_hBQ 5612 .B74 1998
999 _c31757
_d31757